| 000 | 00452nam a22001337a 4500 | ||
|---|---|---|---|
| 008 | 230511b |||||||| |||| 00| 0 eng d | ||
| 040 |
_aNational Science Library _cNational Science Library |
||
| 080 |
_a919.9 _bM4 |
||
| 245 |
_aAntarctica : _bThe unknown continent unexplored wealth _c/ Indian National Science Academy |
||
| 260 |
_aNew Delhi: _bIndian National Science Academy, _c1984 |
||
| 650 | _aGeography | ||
| 653 | _aOcean | ||
| 942 |
_2udc _cREF |
||
| 999 |
_c29230 _d29230 |
||